[Event "Berlin Lichtenberger op 13th"]
[Site "Berlin"]
[Date "2014.08.24"]
[Round "9"]
[White "Kuhr, Stefan"]
[Black "Krusemark, Gerhard"]
[Result "1/2-1/2"]
[WhiteElo "1611"]
[BlackElo "1755"]
[PlyCount "61"]
[EventDate "2014.08.16"]
[EventType "swiss"]
[EventRounds "9"]
[EventCountry "GER"]
[SourceTitle "CBM 161 Extra"]
[Source "ChessBase"]
[SourceDate "2014.08.29"]
[SourceVersion "1"]
[SourceVersionDate "2014.08.29"]
[SourceQuality "1"]

1. c4 Nf6 2. g3 c6 3. Bg2 d5 4. cxd5 cxd5 5. Nf3 Nc6 6. d4 e6 7. 0-0 Be7 8. Nc3 0-0 9. a3 Bd7 10. b4 a6 11. Bb2 Rc8 12. Rc1 Re8 13. e3 Bd6 14. Ne2 Ne4 15. Nd2 f5 16. Nxe4 fxe4 17. f3 Qg5 18. Qd2 exf3 19. Rxf3 Ne7 20. Rcf1 Rf8 21. Bc1 Bb5 22. Rxf8+ Rxf8 23. Rxf8+ Kxf8 24. Nc3 Bc4 25. e4 Qxd2 26. Bxd2 Nc6 27. exd5 exd5 28. Nxd5 Nxd4 29. Ne3 b5 30. Kf2 Be6 31. Be4 1/2-1/2

[Event "Hamburg St Pauli op-B"]
[Site "Hamburg"]
[Date "2011.07.11"]
[Round "4"]
[White "Kololli, Kevin"]
[Black "Kuhr, Stefan"]
[Result "1-0"]
[WhiteElo "1741"]
[BlackElo "1560"]
[PlyCount "49"]
[EventDate "2011.07.09"]
[EventType "swiss"]
[EventRounds "9"]
[EventCountry "GER"]
[SourceTitle "CBM 143 Extra"]
[Source "ChessBase"]
[SourceDate "2011.08.29"]
[SourceVersion "1"]
[SourceVersionDate "2011.08.29"]
[SourceQuality "1"]

1. e4 c6 2. d4 d5 3. e5 Na6 4. Nf3 Bg4 5. c4 Nc7 6. Nc3 e6 7. Be3 Ne7 8. c5 Nf5 9. Bd3 Be7 10. 0-0 Nh4 11. Be2 Bh5 12. Nxh4 Bxe2 13. Qxe2 Bxh4 14. Qg4 g6 15. Bh6 Be7 16. b4 Bf8 17. Qf4 Be7 18. a4 g5 19. Qg3 Rg8 20. f4 Kd7 21. fxg5 Bxg5 22. Rxf7+ Be7 23. Bg5 Rxg5 24. Qxg5 Qe8 25. Qg7 1-0

[Event "Harburg-chH 6th"]
[Site "Hamburg"]
[Date "2008.07.19"]
[Round "3"]
[White "Kuhr, Stefan"]
[Black "Schwirz, Horst"]
[Result "0-1"]
[WhiteElo "1374"]
[BlackElo "1468"]
[PlyCount "50"]
[EventDate "2008.07.18"]
[EventType "tourn"]
[EventRounds "5"]
[EventCountry "GER"]
[SourceTitle "EXT 2009"]
[Source "ChessBase"]
[SourceDate "2008.11.26"]
[SourceVersion "1"]
[SourceVersionDate "2008.11.26"]
[SourceQuality "1"]

1. d4 Nf6 2. c4 g6 3. Nc3 Bg7 4. Nf3 d6 5. g3 0-0 6. Bg2 Nbd7 7. 0-0 c6 8. e4 e5 9. Bg5 exd4 10. Nxd4 Qb6 11. Nb3 Qc7 12. Bf4 Ne5 13. Qe2 Be6 14. c5 Bc4 15. Qd2 Bxf1 16. Kxf1 dxc5 17. Qc2 b6 18. Nd2 Nh5 19. Be3 Ng4 20. Re1 Nxh2+ 21. Kg1 Ng4 22. Nf3 Nxe3 23. Rxe3 Nf6 24. Ng5 Ng4 25. Re1 Bd4 0-1